Normal view
MARC view
- Brown, Robert H
Entry Personal Name
001 - CONTROL NUMBER
- control field: 6580
003 - CONTROL NUMBER IDENTIFIER
- control field: OSt
005 - DATE AND TIME OF LATEST TRANSACTION
- control field: 20241224160033.0
008 - FIXED-LENGTH DATA ELEMENTS
- fixed length control field: 241224|| aca||aabn | a|a d
040 ## - CATALOGING SOURCE
- Original cataloging agency: OSt
- Transcribing agency: OSt
100 ## - HEADING--PERSONAL NAME
- Personal name: Brown, Robert H
670 ## - SOURCE DATA FOUND
- Source citation: Work cat.: (OSt)9010: Brown, Robert H ., Farm electrification / , 1956.
